Top 5 Songs On Humanz (Gorillaz) - Statistics

General Stats
  • This quiz has been taken 40 times
  • The average score is 3 of 5
Answer Stats
Hint Answer % Correct
147,306,260 Saturnz Barz(feat. Popcaan)
88%
124,038,417 Andromeda(feat. DRAM)
82%
167,839,563 She's My Collar(feat. Kali Uchis)
82%
78,999,110 Ascension(feat. Vince Staples)
61%
49,276,960 Strobelight(feat. Peven Everett)
15%
No matching quizzes found
Score Distribution
Percent of People with Each Score
Percentile by Number Answered
Your Score History
You have not taken this quiz